Power in and around organizations

Saved in:
Bibliographic Details
Main Author: Mintzberg, Henry
Format: Book
Language:English
Published: Englewood Cliffs, N.J. : Prentice-Hall, c1983
Series:Mintzberg, Henry. Theory of management policy series
Subjects:
Tags: Add Tag
No Tags, Be the first to tag this record!

MARC

LEADER 00000cam a2200000 i 4500
001 1/26508
008 941103s1983 eng d
020 |a 0136868576 
035 |a 1992  |b ΤΣΙΒΑΚΟΥ  |l 10022688 
040 |a GR-MY-UA  |b gre  |e aacr 
041 0 |a eng 
082 0 |a 302.35 
100 1 |a Mintzberg, Henry. 
245 1 0 |a Power in and around organizations /  |c Henry Mintzberg 
260 |a Englewood Cliffs, N.J. :   |b Prentice-Hall,   |c c1983 
300 |a xix, 700 p.;  |b ill.;  |c 24 cm 
490 1 |a Theory of management policy series 
504 |a Includes bibliography and index 
650 0 0 |a Organization. 
650 0 0 |a Power (Social sciences) 
650 0 0 |a Corporations  |z United States. 
830 0 |a Mintzberg, Henry. Theory of management policy series 
852 |a INST  |b CHIOS  |e 19960402  |h 302.35 MIN  |p 005200003238  |q 005200003238  |t BK  |y 0 
852 |a INST  |b SAMOS  |e 19941103  |h 302.35 MIN  |p 005300003491  |q 005300003491  |t BK  |y 0 
909 |a Χ  |b 022879 
909 |a Χ  |b 022835